Políticas de empleo en economías heterogéneas

I tiakina i:
Ngā taipitopito rārangi puna kōrero
Kaituhi matua: Foxley Ríoseco, Alejandro (Author)
Ētahi atu kaituhi: Muñoz Gomá, Oscar (autor)
Hōputu: Pukapuka
Reo:Pāniora
I whakaputaina: Santiago CIEPLAN 1975
Rangatū:Estudios Cieplán, 1
Ngā marau:
Ngā Tūtohu: Tāpirihia he Tūtohu
Kāore He Tūtohu, Me noho koe te mea tuatahi ki te tūtohu i tēnei pūkete!

MARC

LEADER 00000nam a2200000 a 4500
001 UCS9966
003 CL-VaPUC
008 971129e19750000CL |||||||||||||||||spa|d
082 0 4 |a 331.12  |b FOX  |2 21 
100 0 |a Foxley Ríoseco, Alejandro  |e author  |9 395222 
700 |a Muñoz Gomá, Oscar  |e autor  |9 588181 
245 1 0 |a Políticas de empleo en economías heterogéneas 
300 |a 37 p 
942 |c BK 
945 |d 19971129 00:00:00  |a jquezada 
260 |a Santiago  |b CIEPLAN  |c 1975 
650 0 |a Empleo  |9 339124 
650 7 |a POLITICA LABORAL  |2 CL-VaPUC  |9 319338 
650 0 |a Industrialización  |9 263687 
650 0 |a Economía   |9 255568 
650 7 |a ESTRATEGIAS DE DESARROLLO  |2 CL-VaPUC  |9 395224 
583 |a last modification  |c 19971129 00:00:00  |k Rodrigo Vera 
490 0 |a Estudios Cieplán, 1 
999 |c 263630  |d 263628 
952 |0 0  |1 0  |4 0  |6 331_120000000000000_FOX_1975  |7 0  |8 A  |9 292986  |a BIBGIM  |b BIBGIM  |d 2019-11-19  |i 3371182  |o 331.12 FOX 1975  |p 3371182  |r 2025-01-15  |w 2019-11-19  |y BK  |k GIM